| 000 | 00782nam a2200229Ia 4500 | ||
|---|---|---|---|
| 008 | 210303s9999 xx 000 0 und d | ||
| 016 | _2retro2021 | ||
| 020 | _a22769269 | ||
| 040 |
_aNLN _bEnglish _eAACR2 |
||
| 050 |
_aHM403.N685 _bS797 |
||
| 082 | _a300.5 | ||
| 245 | 0 |
_aSTATE and Society vol. 1 No. 1. March, 2009 / _cedited by O. Alanana |
|
| 260 |
_aBenin City, Edo State (56 & 58 1st East Circular Road) : _bJustice Jeco Press, _c2009 |
||
| 300 |
_av, [?]p. : _bill. ; 23cm. |
||
| 500 | _aIncludes bibliographical references | ||
| 563 | _a(pbk) | ||
| 650 |
_aSocial sciences and state _vNigeria _xPeriodical _927882 |
||
| 650 |
_aSociology _vNigeria _xPeriodical _927883 |
||
| 700 |
_aAlanana, O. _eedt _927884 |
||
| 700 |
_aJustice Jeco Press _eedt _927885 |
||
| 942 |
_n0 _cBK |
||
| 999 |
_c14105 _d14105 |
||